Normal view MARC view
  • Computer Courses

Entry Topical Term

Number of records used in: 1

001 - CONTROL NUMBER

  • control field: 94533

003 - CONTROL NUMBER IDENTIFIER

  • control field: NUST

005 - DATE AND TIME OF LATEST TRANSACTION

  • control field: 20220722113442.0

008 - FIXED-LENGTH DATA ELEMENTS

  • fixed length control field: 220722|| aca||aabn | a|a d

040 ## - CATALOGING SOURCE

  • Original cataloging agency: NUST
  • Transcribing agency: NUST

150 ## - HEADING--TOPICAL TERM

  • Topical term or geographic name entry element: Computer Courses

670 ## - SOURCE DATA FOUND

  • Source citation: Work cat.: (NUST)176572: Singh, Gurvinder 94532, A textbook of windows based computer courses / , 2005
© 2023 Central Library, National University of Sciences and Technology. All Rights Reserved.